00625 a2200181 4500003000400000005001700004008004100021020001800062040000900080082001800089245006600107260004500173300001000218700002500228942004200253952013100295999001700426OSt20230905162745.0230905b |||||||| |||| 00| 0 eng d a9781107108844 coclc a822.33bHOL/S aShakespeare Survey 68bShakespeare, origins and originality / aU K:bCambridge University Press,c2015. a477 p aHolland, Peter99432 2ddccBKh822.33iHOL/Sk822.33mHOL/S 00102ddc40708LITaMESbMEScENGd2023-09-07l0o822.33 HOL/Sp42357r2023-09-07 16:06:41v14417.20w2023-09-07yBKzGR16R1 c42134d42134